Catálogo público

Perspectiva y desafíos de la reforma constitucional : memorias \ Seminario Judicial 2014 ; organizado por el Tribunal Electoral del Poder Judicial de la Federación, 1-3 de septiembre del 2014 en la Ciudad de México (Record no. 177413)

MARC details
000 -CABECERA
campo de control de longitud fija 01642nam a2200349Ia 4500
001 - NÚMERO DE CONTROL
campo de control dia_6197
003 - IDENTIFICADOR DEL NÚMERO DE CONTROL
campo de control CHAP
005 - FECHA Y HORA DE LA ÚLTIMA TRANSACCIÓN
campo de control 20251021155704.0
008 - DATOS DE LONGITUD FIJA--INFORMACIÓN GENERAL
campo de control de longitud fija 220117s2015 xx 000 0 und d
010 ## - NÚMERO DE CONTROL DE LA BIBLIOTECA DEL CONGRESO
Número de control de LC 177413
040 ## - FUENTE DE LA CATALOGACIÓN
Centro/agencia transcriptor CHAP
082 ## - NÚMERO DE LA CLASIFICACIÓN DECIMAL DEWEY
Número de clasificación 342.03 P47 2015
111 ## - ENTRADA PRINCIPAL--NOMBRE DE CONGRESO/REUNIÓN
Nombre de congreso/reunión o jurisdicción como elemento de entrada Seminario Internacional de Transparencia Judicial (5 : 2014 sep. 1-3 : Ciudad de México)
9 (RLIN) 161098
245 ## - MENCIÓN DE TÍTULO
Título Perspectiva y desafíos de la reforma constitucional : memorias \ Seminario Judicial 2014 ; organizado por el Tribunal Electoral del Poder Judicial de la Federación, 1-3 de septiembre del 2014 en la Ciudad de México
260 ## - PUBLICACIÓN, DISTRIBUCIÓN, ETC.
Lugar de publicación, distribución, etc. México :
Nombre del editor, distribuidor, etc. Suprema Corte de Justicia de la Nación :,
-- Consejo de la Judicatura Federal :,
-- Tribunal Electoral del Poder Judicial de la Federación,
Fecha de publicación, distribución, etc. 2015
300 ## - DESCRIPCIÓN FÍSICA
Extensión 348 p.
440 ## - MENCIÓN DE SERIE/PUNTO DE ACCESO ADICIONAL--TÍTULO
Título Memorias del Seminario Judicial ; 5
9 (RLIN) 161099
503 ## - NOTA DE HISTORIA BIBLIOGRÁFICA (BK CF MU) [OBSOLETO]
Nota de historia bibliográfica D.
504 ## - NOTA DE BIBLIOGRAFÍA, ETC.
Nota de bibliografía, etc. Bibliografía: p. 348
590 ## - NOTA LOCAL (RLIN)
Nota local KGF3015 P47 2015
650 ## - PUNTO DE ACCESO ADICIONAL DE MATERIA--TÉRMINO DE MATERIA
Término de materia o nombre geográfico como elemento de entrada Data protection
Subdivisión general Law and legislation
-- Mexico
9 (RLIN) 161100
650 ## - PUNTO DE ACCESO ADICIONAL DE MATERIA--TÉRMINO DE MATERIA
Término de materia o nombre geográfico como elemento de entrada Freedom of information
Subdivisión general Law and legislation
-- Mexico
9 (RLIN) 161101
650 ## - PUNTO DE ACCESO ADICIONAL DE MATERIA--TÉRMINO DE MATERIA
Término de materia o nombre geográfico como elemento de entrada Libertad de información
Subdivisión general Leyes y legislación
-- México
9 (RLIN) 161102
650 ## - PUNTO DE ACCESO ADICIONAL DE MATERIA--TÉRMINO DE MATERIA
Término de materia o nombre geográfico como elemento de entrada Protección de datos
Subdivisión general Legislación
-- México
9 (RLIN) 161103
650 ## - PUNTO DE ACCESO ADICIONAL DE MATERIA--TÉRMINO DE MATERIA
Término de materia o nombre geográfico como elemento de entrada Transparencia en el gobierno
Subdivisión general México
9 (RLIN) 161104
650 ## - PUNTO DE ACCESO ADICIONAL DE MATERIA--TÉRMINO DE MATERIA
Término de materia o nombre geográfico como elemento de entrada Transparency in government
Subdivisión general Mexico
9 (RLIN) 161105
711 ## - PUNTO DE ACCESO ADICIONAL--NOMBRE DE REUNIÓN/CONGRESO
Nombre de congreso/reunión o jurisdicción como elemento de entrada Seminario Internacional de Transparencia Judicial (5 : 2014 sep. 1-3 : Ciudad de México)
9 (RLIN) 161098
901 ## - ELEMENTOS DE DATOS A LOCAL LDA (RLIN)
a 342.03 P47 2015
902 ## - ELEMENTOS DE DATOS B LOCAL, LDB (RLIN)
a A
905 ## - ELEMENTOS DE DATOS E LOCAL, LDE (RLIN)
a 5232272015 mx x 8225323322spa16
942 ## - ELEMENTOS DE PUNTO DE ACCESO ADICIONAL (KOHA)
Tipo de ítem Koha Libro
Fuente del sistema de clasificación o colocación Dewey Decimal Classification
Holdings
Estado de retiro Estado de pérdida Fuente del sistema de clasificación o colocación Estado dañado No para préstamo Código de colección Localización permanente Ubicación/localización actual Ubicación en estantería Fecha de adquisición Información codificada de la localización en otra ubicación Total de préstamos Código de barras Fecha visto por última vez Número de copia Precio válido a partir de Tipo de ítem Koha
    Dewey Decimal Classification     General Ingenieria Agroindustrial Ingenieria Agroindustrial   18/01/2022 1   dia_010084 18/01/2022 4 18/01/2022 Libro
    Dewey Decimal Classification     General Ingenieria Agroindustrial Ingenieria Agroindustrial   18/01/2022 1   dia_010081 18/01/2022 1 18/01/2022 Libro
    Dewey Decimal Classification     General Ingenieria Agroindustrial Ingenieria Agroindustrial   18/01/2022 1   dia_010082 18/01/2022 2 18/01/2022 Libro
    Dewey Decimal Classification     General Ingenieria Agroindustrial Ingenieria Agroindustrial   18/01/2022 1   dia_010083 18/01/2022 3 18/01/2022 Libro